[Event "Barcelona Sant Marti op 11th"]
[Site "Barcelona"]
[Date "2024.03.07"]
[Round "9"]
[White "Zmorzynski, Julian"]
[Black "Albert Cristobal, Jorge"]
[Result "1-0"]
[WhiteElo "1498"]
[BlackElo "1734"]
[PlyCount "105"]
[EventDate "2024.01.11"]
[EventType "swiss"]
[EventRounds "9"]
[EventCountry "ESP"]
[SourceTitle "CB11_2024"]
[SourceDate "2024.03.13"]
[SourceVersion "1"]
[SourceVersionDate "2024.03.13"]
[SourceQuality "1"]

1. c4 e5 2. e3 Nf6 3. d4 e4 4. Ne2 c6 5. Nbc3 d5 6. Ng3 Bd6 7. cxd5 cxd5 8. Bb5+ Nc6 9. 0-0 0-0 10. h3 a6 11. Be2 Be6 12. b3 g6 13. Bb2 Qb8 14. a4 Bxg3 15. fxg3 Qxg3 16. Rxf6 Bxh3 17. Rf2 Be6 18. Qd2 Rfe8 19. Bf1 Ne7 20. Ne2 Qg5 21. Nf4 Nf5 22. Nxe6 fxe6 23. Rf4 Nh4 24. Kf2 Nf5 25. Ke2 Qh5+ 26. Ke1 g5 27. Be2 Qh1+ 28. Rf1 Qxg2 29. Bh5 Qg3+ 30. Qf2 Qxe3+ 31. Qxe3 Nxe3 32. Bxe8 Nxf1 33. Bd7 Ne3 34. Ke2 Ng2 35. Bxe6+ Kg7 36. Bc1 e3 37. Kf3 e2 38. Kxe2 Re8 39. Kf2 Rxe6 40. Kxg2 Re1 41. Kf2 Rd1 42. Ke3 Rh1 43. Ke2 Kg6 44. b4 h5 45. Kf3 Kf5 46. Bb2 g4+ 47. Kg2 Rxa1 48. Bxa1 Ke4 49. b5 a5 50. Bc3 b6 51. Bxa5 Kf4 52. Bxb6 h4 53. Bc7+ 1-0

[Event "Barcelona Sant Marti op 11th"]
[Site "Barcelona"]
[Date "2024.02.01"]
[Round "4"]
[White "Zmorzynski, Julian"]
[Black "Fabregas Fontanet, Antonio"]
[Result "1/2-1/2"]
[WhiteElo "1498"]
[BlackElo "1825"]
[PlyCount "58"]
[EventDate "2024.01.11"]
[EventType "swiss"]
[EventRounds "9"]
[EventCountry "ESP"]
[SourceTitle "CB11_2024"]
[SourceDate "2024.03.13"]
[SourceVersion "1"]
[SourceVersionDate "2024.03.13"]
[SourceQuality "1"]

1. b3 d5 2. Bb2 c5 3. e3 Nc6 4. Nf3 Bg4 5. Be2 e6 6. h3 Bh5 7. 0-0 Nf6 8. c4 Bd6 9. d4 0-0 10. Nc3 Rc8 11. Rc1 Bxf3 12. Bxf3 cxd4 13. exd4 dxc4 14. bxc4 Nxd4 15. Ne4 Nxf3+ 16. Qxf3 Nxe4 17. Qxe4 Be7 18. Rfd1 Qb6 19. Rb1 Qc5 20. Rd7 Rfd8 21. Qxb7 Rb8 22. Rxd8+ Rxd8 23. Qb5 Rd2 24. Qxc5 Bxc5 25. Bc3 Rd8 26. Rb5 Bb6 27. Ba5 Bxa5 28. Rxa5 Rd7 29. g3 Kf8 1/2-1/2

[Event "Barcelona Sant Marti op 11th"]
[Site "Barcelona"]
[Date "2024.01.25"]
[Round "3"]
[White "Zmorzynski, Julian"]
[Black "Ballester Valls, Juan Antonio"]
[Result "1-0"]
[WhiteElo "1498"]
[BlackElo "1635"]
[PlyCount "129"]
[EventDate "2024.01.11"]
[EventType "swiss"]
[EventRounds "9"]
[EventCountry "ESP"]
[SourceTitle "CB11_2024"]
[SourceDate "2024.03.13"]
[SourceVersion "1"]
[SourceVersionDate "2024.03.13"]
[SourceQuality "1"]

1. e4 e6 2. d4 d5 3. exd5 exd5 4. Nf3 Bd6 5. Bd3 Ne7 6. 0-0 0-0 7. h3 Bf5 8. Bg5 f6 9. Bh4 Qd7 10. Re1 Nbc6 11. Bg3 Bxg3 12. fxg3 Bxd3 13. Qxd3 Qf5 14. Qb3 Qd7 15. Nbd2 Nf5 16. Nf1 Ncxd4 17. Nxd4 Nxd4 18. Qd3 c5 19. c3 Qf5 20. Rad1 Qxd3 21. Rxd3 Nc6 22. Rxd5 Ne5 23. Red1 b6 24. b3 Kf7 25. Ne3 g6 26. Kf2 Ke7 27. a4 Rad8 28. a5 bxa5 29. Ke2 Rxd5 30. Rxd5 Rb8 31. Rxc5 Rxb3 32. Rxa5 Rb2+ 33. Kd1 Nc6 34. Ra6 Kd7 35. Ra4 f5 36. Nc2 Rb1+ 37. Kd2 Rg1 38. Ne3 Kc7 39. g4 fxg4 40. Rxg4 a5 41. Rf4 Kb6 42. Rh4 Kb5 43. Rxh7 a4 44. Kc2 Re1 45. Kd2 Ra1 46. Nc2 Ra2 47. Kc1 a3 48. Rb7+ Kc4 49. Kb1 Na5 50. Rb4+ Kxc3 51. Kxa2 Kxc2 52. Kxa3 Kc3 53. Rg4 Nc4+ 54. Ka4 Ne5 55. Rg5 Kd4 56. Kb4 Ke4 57. Rg3 Kf4 58. Rc3 g5 59. Kc5 g4 60. g3+ Kg5 61. h4+ Kf5 62. Kd4 Nf3+ 63. Rxf3+ gxf3 64. Ke3 Kg4 65. Kf2 1-0